000 00737nam a22001337a 4500
040 _cRUA
082 _aAGR MEC 2009 B041 Or.1
100 _aMECH, SAMSONG.
245 _aeffect of different seedling age and hill spacing on phkarumchong rice variety at royal university of Agriculture ឥទ្ធិពលនៃអាយុសំណាប និង ចន្លោះគុម្ពខុសៗ គ្នាលើពូជស្រូវផ្ការំចង់ នៅសាកលវីទ្យាល័យភូមិន្ទកសិកម្ម)
260 _aPhnom Penh
_bRUA
_c2009
300 _aXii, 63p.
_bill.
_c29cm.
856 _uhttps://drive.google.com/file/d/1nsBYmf82-wjlPzX46jm4b4AB_TA5GolZ/view?usp=sharing
942 _cAGR
999 _c897
_d897